| 000 | 01072nam0a22002771 4500 | ||
|---|---|---|---|
| 001 | rc\3023808 | ||
| 005 | 20250806201447.0 | ||
| 035 | _a(NLR Aleph) 007165550 | ||
| 090 |
_a24357 _c24357 |
||
| 100 | _a20110928d1944 u y0rusy50 ca | ||
| 101 | 0 | _arus | |
| 102 | _aRU | ||
| 105 | _aa z ||||| | ||
| 200 | 1 |
_aМореходные таблицы 1943 г. (МТ-43) _fОбъяснение таблиц А. Ющенко |
|
| 210 |
_aНовосибирск _cВост. картиздательск. производст. ГУ ВМФ СССР _d1944 |
||
| 215 |
_aLXIV, 246 с., 13 вкл. л. табл. _cтабл. _d26 см |
||
| 225 | 1 |
_aПриложение _fГидрогр. упр. ВМФ СССР. "Курс кораблевождения" _v№ 1 |
|
| 300 | _aОбъяснение таблиц А. Ющенко | ||
| 702 | 1 |
_aЮщенко _bА. _4570 |
|
| 801 | 0 |
_aRU _bNLR _gpsbo |
|
| 801 | 1 |
_aRU _bELAR _2rusmarc |
|
| 852 |
_aNLR _jТ90 Г-7/78 |
||
| 942 | _cBOOK | ||
| 945 | _aРоссийская национальная библиотека | ||
| 980 | _aNB | ||
| 980 | _aBV | ||